|
|
|
|
| LEADER |
01053cam a2200277 7i4500 |
| 001 |
0000034786 |
| 005 |
20171219090000.0 |
| 007 |
##ta |
| 008 |
171219s2015 my a e o001 0 eng |
| 020 |
# |
# |
|a 9789675842085
|
| 040 |
# |
# |
|a BNM
|
| 090 |
0 |
0 |
|a M 338.9595
|b MAL
|
| 245 |
0 |
0 |
|a ELEVENTH MALAYSIA PLAN 2016-2020 :
|b ANCHORING GROWTH ON PEOPLE
|c Foreword Dato' Sri Mohd Najib bin Tun Haji Abdul Razak.
|
| 264 |
# |
1 |
|a Putrajaya:
|b Economic Planning Unit,
|c 2015.
|
| 300 |
# |
# |
|a ii, 1 volume (various pagings):
|b colour illustrations;
|c 27 cm.
|
| 336 |
# |
# |
|a text
|2 rdacontent
|
| 337 |
# |
# |
|a unmediated
|2 rdamedia
|
| 338 |
# |
# |
|a volume
|2 rdacarrier
|
| 504 |
# |
# |
|a Includes index
|
| 650 |
# |
0 |
|a Economic development projects --
|z Malaysia
|
| 650 |
# |
0 |
|a Economic forecasting --
|z Malaysia
|
| 651 |
# |
0 |
|a Malaysia --
|x Economic policy --
|y 2016-2020
|
| 700 |
1 |
# |
|a Mohd. Najib Tun Haji Abdul Razak(
|d 1953-)
|
| 710 |
1 |
# |
|a Malaysia
|
| 999 |
|
|
|a 0000039183
|b Book
|c Malaysia
|e Business Information Centre
|
| 999 |
|
|
|a 0000039182
|b Book
|c Malaysia
|e Business Information Centre
|